الرخص الشرعية بين التعبد والتعليل : دراسة أصولية وتطبيقات معاصرة /
Saved in:
| 主要作者: | |
|---|---|
| 其他作者: | |
| 格式: | Thesis |
| 语言: | Arabic |
| 出版: |
Gombak, Selangor :
al-Jami'ah al-Islamiyah al-'Alamiyah bi- Maliziya,
2003
|
| 主题: | |
| 标签: |
添加标签
没有标签, 成为第一个标记此记录!
|
| LEADER | 018150000a22003610004500 | ||
|---|---|---|---|
| 001 | 322977 | ||
| 005 | 20230713062752.0 | ||
| 008 | 050720s2003 my g 000 0 ara d | ||
| 035 | |a (Sirsi) 322977 | ||
| 040 | |a UIAM |b eng | ||
| 050 | 0 | 0 | |a BP145.4 |
| 100 | 1 | |a ليبا، محمد |9 28449 | |
| 242 | 1 | 3 | |a al-Rukhas al-shar'iyah bayna al-ta'abbud wa al-ta'lil : |b dirasah usuliyah wa tatbiqat mu'asirah |
| 245 | 1 | 2 | |a الرخص الشرعية بين التعبد والتعليل : |b دراسة أصولية وتطبيقات معاصرة / |c إعداد محمد ليبا |
| 260 | |a Gombak, Selangor : |b al-Jami'ah al-Islamiyah al-'Alamiyah bi- Maliziya, |c 2003 | ||
| 300 | |a 148 leaves ; |c 30 cm. | ||
| 336 | |2 rdacontent | ||
| 337 | |2 rdamedia | ||
| 338 | |2 rdacarrier | ||
| 500 | |a "Bahth takmili muqaddama li-nayl darjat al-majistir fi ma'arif al-wahy wa-al-turath (al-Fiqh wa Usul al-Fiqh)" --On t.p | ||
| 500 | |a Abstracts in English and Arabic | ||
| 502 | |a Thesis (MIRKH) -- International Islamic University Malaysia, 2003 | ||
| 502 | |a "... for the degree of Master of Islamic Revealed Knowledge and Heritage (Fiqh and Usul al-Fiqh)"--Approval page | ||
| 650 | 0 | |a Judicial discretion (Islamic law) |9 25940 | |
| 650 | 0 | |a Islamic law |x Criticism, interpretation, etc |9 5030 | |
| 655 | 0 | 7 | |a Theses, IIUM local |
| 690 | 0 | |a Dissertations, Academic |x Department of Fiqh and Usul al-Fiqh |z IIUM | |
| 700 | 1 | |a Laeba, Muhammad |9 7121 | |
| 900 | |a naw-ami | ||
| 942 | |2 lcc |n 0 | ||
| 999 | |c 431816 |d 464388 | ||
| 952 | |0 0 |6 LU T BP 145.4 L158R 2003 |7 0 |8 THESES |9 753466 |a IIUM |b IIUM |c CLOSEACCES |g 0.00 |o lu t BP 145.4 L158R 2003 |p 00000931767 |r 2017-10-24 |t 1 |v 0.00 |y THESIS | ||
| 952 | |0 0 |6 T BP 145.4 L158R 2003 |7 0 |8 THESES |9 753986 |a IIUM |b IIUM |c MULTIMEDIA |g 0.00 |o t BP 145.4 L158R 2003 |p 00011275125 |r 2017-10-17 |t 2 |v 0.00 |y THESIS | ||
